00548nam a2200181Ia 450000500170000000800410001702000150005808200150007310000160008824500640010426000340016830000180020265000130022065000170023394200060025095200970025699900130035320240719024213.0240331s9999 xx 000 0 und d a0452282616 a270.1bHOP aHopkings, K 2aA world full of gods :bthe strange triumph of Christianity aNew YorkbPenguin Groupc1999 axii, 402 p ., aReligion aChristianity cL 001040708LaWERCLbWERCLcSSCd2024-03-31l0o 270.1 HOPp4695r2024-03-31w2024-03-31yL c825d825